[Event "Mittelfrank Regionalliga Sud-West 2122"]
[Site "Mittelfranken"]
[Date "2022.05.08"]
[Round "8.6"]
[White "Gendler, Juri"]
[Black "Parsch, Christian"]
[Result "0-1"]
[WhiteElo "1869"]
[BlackElo "1986"]
[PlyCount "56"]
[EventDate "2021.10.24"]
[EventType "team-tourn"]
[EventRounds "9"]
[EventCountry "GER"]
[SourceTitle "EXT 2024"]
[Source "ChessBase"]
[SourceDate "2023.10.10"]
[SourceVersion "1"]
[SourceVersionDate "2023.10.10"]
[SourceQuality "1"]
[WhiteTeam "Muenchen Suedost II"]
[BlackTeam "Altstadt Roter Turm"]
[WhiteTeamCountry "GER"]
[BlackTeamCountry "GER"]

1. e4 c6 2. d4 d5 3. Nc3 dxe4 4. Nxe4 Nf6 5. Ng5 h6 6. N5f3 Bf5 7. Bd3 e6 8. Bf4 Bxd3 9. Qxd3 Qa5+ 10. Bd2 Qc7 11. 0-0-0 Nbd7 12. Qe2 Bd6 13. Re1 0-0-0 14. Ne5 Rhf8 15. Ngf3 Kb8 16. Kb1 c5 17. c3 Rc8 18. Rc1 c4 19. Rhe1 Nd5 20. Nxd7+ Qxd7 21. Ne5 Qb5 22. Ka1 f6 23. Ng6 Rfe8 24. Qg4 f5 25. Qf3 Rc6 26. Ne5 Rb6 27. Rc2 Qa4 28. Qd1 Ra6 0-1

[Event "Regionalliga SW 1617"]
[Site "Bayern"]
[Date "2017.03.19"]
[Round "7.2"]
[White "Gendler, Juri"]
[Black "Neiss, Josef Martin"]
[Result "1-0"]
[WhiteElo "1976"]
[BlackElo "2000"]
[PlyCount "49"]
[EventDate "2016.10.16"]
[EventType "team-tourn"]
[EventRounds "9"]
[EventCountry "GER"]
[SourceTitle "EXT 2019"]
[Source "ChessBase"]
[SourceDate "2018.10.10"]
[SourceVersion "1"]
[SourceVersionDate "2018.10.10"]
[SourceQuality "1"]
[WhiteTeam "Muenchen Suedost II"]
[BlackTeam "Mering"]
[WhiteTeamCountry "GER"]
[BlackTeamCountry "GER"]

1. e4 c6 2. d4 d5 3. Nc3 dxe4 4. Nxe4 Nd7 5. Ng5 Ngf6 6. Bd3 e6 7. N1f3 h6 8. Nxe6 fxe6 9. Bg6+ Ke7 10. 0-0 Qc7 11. c4 b6 12. Re1 Bb7 13. Rxe6+ Kd8 14. Ne5 Nxe5 15. dxe5+ Qd7 16. Qxd7+ Nxd7 17. Bf4 Be7 18. Rd1 Rf8 19. Bg3 Bc5 20. Be4 Kc8 21. Rg6 Nxe5 22. Bxe5 Rxf2 23. Kh1 Bf8 24. Re6 Bd6 25. Rexd6 1-0

[Event "Regionalliga SW 1617"]
[Site "Bayern"]
[Date "2017.02.19"]
[Round "6.2"]
[White "Dengler, Peter"]
[Black "Gendler, Juri"]
[Result "0-1"]
[WhiteElo "2193"]
[BlackElo "1976"]
[PlyCount "120"]
[EventDate "2016.10.16"]
[EventType "team-tourn"]
[EventRounds "9"]
[EventCountry "GER"]
[SourceTitle "EXT 2019"]
[Source "ChessBase"]
[SourceDate "2018.10.10"]
[SourceVersion "1"]
[SourceVersionDate "2018.10.10"]
[SourceQuality "1"]
[WhiteTeam "Unterhaching"]
[BlackTeam "Muenchen Suedost II"]
[WhiteTeamCountry "GER"]
[BlackTeamCountry "GER"]

1. e4 e5 2. Bc4 Nf6 3. d3 Nc6 4. c3 Be7 5. Nf3 0-0 6. 0-0 d6 7. h3 Na5 8. Bb5 a6 9. Ba4 b5 10. Bc2 c5 11. Nbd2 Qc7 12. Re1 Nc6 13. Nf1 d5 14. Ne3 d4 15. Nd5 Qd6 16. Nb6 Rb8 17. Nxc8 Rfxc8 18. a4 c4 19. axb5 axb5 20. Qe2 Rd8 21. Rd1 Qc5 22. cxd4 Nxd4 23. Nxd4 exd4 24. f4 Ra8 25. Bd2 b4 26. b3 c3 27. Be1 Ra3 28. g4 Rda8 29. Rac1 Ra2 30. g5 Nd7 31. Qg2 Rb2 32. Ra1 Raa2 33. Rxa2 Rxa2 34. Rc1 g6 35. Qg4 Qa7 36. Bf2 Bc5 37. h4 Qa3 38. Qd1 Bd6 39. Bxd4 Bxf4 40. Rb1 Qa5 41. Bf2 h6 42. Qg4 Qc7 43. Qd1 Bh2+ 44. Kg2 hxg5 45. hxg5 Bf4 46. Ra1 Rxa1 47. Qxa1 Qe5 48. Qa8+ Kg7 49. Qd8 Qe6 50. Kf3 Be5 51. d4 Qh3+ 52. Ke2 Qg4+ 53. Kf1 Bf4 54. d5 Bxg5 55. Qc8 Qf3 56. Kg1 Be3 57. Bxe3 Qxe3+ 58. Kg2 Qe2+ 59. Kg3 Qxc2 60. Qxd7 Qxe4 0-1

[Event "Regionalliga SW 1617"]
[Site "Bayern"]
[Date "2016.12.04"]
[Round "3.2"]
[White "Gendler, Juri"]
[Black "Nuessel, Georg"]
[Result "0-1"]
[WhiteElo "1976"]
[BlackElo "2104"]
[PlyCount "110"]
[EventDate "2016.10.16"]
[EventType "team-tourn"]
[EventRounds "9"]
[EventCountry "GER"]
[SourceTitle "EXT 2019"]
[Source "ChessBase"]
[SourceDate "2018.10.10"]
[SourceVersion "1"]
[SourceVersionDate "2018.10.10"]
[SourceQuality "1"]
[WhiteTeam "Muenchen Suedost II"]
[BlackTeam "Garching III"]
[WhiteTeamCountry "GER"]
[BlackTeamCountry "GER"]

1. e4 d5 2. exd5 Qxd5 3. Nc3 Qd6 4. d4 Nf6 5. Nf3 a6 6. Bc4 b5 7. Bd3 Bb7 8. Bg5 Nbd7 9. Qe2 e6 10. 0-0-0 h6 11. Bd2 Be7 12. Rhg1 c5 13. Ne4 Qc7 14. dxc5 Nxc5 15. Nxc5 Qxc5 16. Ne5 Bd5 17. Kb1 b4 18. c4 bxc3 19. Bxc3 Qb6 20. Bc2 Qb7 21. Ba4+ Kf8 22. f3 Rc8 23. Ka1 Bb4 24. Bd4 Ke7 25. Rc1 Rhd8 26. Qe3 Bd6 27. Nd3 Bc4 28. Rgd1 Nd5 29. Qf2 Bxd3 30. Rxc8 Rxc8 31. Bxg7 Qb4 32. Bb3 Bc4 33. Rc1 Kd7 34. Bxc4 Rxc4 35. Bxh6 Be5 36. Rxc4 Qxc4 37. Qa7+ Bc7 38. a3 Qh4 39. Bd2 Qxh2 40. Qxa6 Qxg2 41. Qb5+ Ke7 42. Qd3 Bf4 43. Ba5 Be5 44. Bd2 f5 45. a4 Qg1+ 46. Ka2 Qc5 47. a5 Nb4+ 48. Bxb4 Qxb4 49. Qa3 Bd6 50. Qxb4 Bxb4 51. a6 Bc5 52. b4 Bb6 53. Kb3 Kd6 54. Kc4 Kc6 55. f4 Be3 0-1

[Event "Regionalliga SW 1617"]
[Site "Bayern"]
[Date "2016.11.20"]
[Round "2.2"]
[White "Gendler, Juri"]
[Black "Leitner, Maximilian"]
[Result "0-1"]
[WhiteElo "1976"]
[BlackElo "2223"]
[PlyCount "118"]
[EventDate "2016.10.16"]
[EventType "team-tourn"]
[EventRounds "9"]
[EventCountry "GER"]
[SourceTitle "EXT 2019"]
[Source "ChessBase"]
[SourceDate "2018.10.10"]
[SourceVersion "1"]
[SourceVersionDate "2018.10.10"]
[SourceQuality "1"]
[WhiteTeam "Muenchen Suedost II"]
[BlackTeam "Bayern Muenchen III"]
[WhiteTeamCountry "GER"]
[BlackTeamCountry "GER"]

1. e4 c5 2. Nf3 d6 3. d4 cxd4 4. Nxd4 Nf6 5. Nc3 a6 6. h3 e6 7. g4 Be7 8. Bg2 Qc7 9. Be3 0-0 10. 0-0 Nc6 11. g5 Nd7 12. Nce2 Nde5 13. b3 Nxd4 14. Nxd4 Nc6 15. c4 Bd7 16. Rc1 Qa5 17. f4 Rfe8 18. Kh1 Rac8 19. Ne2 Nb8 20. Bd2 Qd8 21. a4 b5 22. cxb5 axb5 23. a5 d5 24. e5 b4 25. Rxc8 Bxc8 26. Qa1 Ba6 27. Re1 Nc6 28. Qa4 Qa8 29. Rc1 Rc8 30. Bf3 Qb7 31. Be3 Bb5 32. Qa1 Ra8 33. Bb6 Qa6 34. Nd4 Nxd4 35. Qxd4 g6 36. h4 Rc8 37. Rc7 Rxc7 38. Bxc7 Qc6 39. Bb6 Qc1+ 40. Kh2 Qc2+ 41. Kg3 Qxb3 42. Bc5 Be2 43. Bxe7 Qxf3+ 44. Kh2 Bf1 45. Qd2 b3 46. Ba3 h6 47. Bb2 Kh7 48. Bd4 Qg4 49. Qf2 Bd3 50. Bb2 h5 51. Bc3 Bf5 52. Bb2 Qh3+ 53. Kg1 Be4 54. Qh2 Qd3 55. Qf2 Qh3 56. Qh2 Qf3 57. a6 Qd1+ 58. Kf2 Qd2+ 59. Kg3 Qe3# 0-1